000 nas a22 a 4500
999 _c4600
_d4600
003 AKMAL
005 20170605105031.0
008 170605c19989999my ar p 0 a|may |
040 _aAKMAL
049 0 0 _aAKMAL
082 0 4 _221
110 2 _aSarawak
_bKastam Diraja Malaysia
_98851
245 0 0 _aLaporan Tahunan Kastam Diraja Malaysia Sarawak
260 3 _aKuching:
_bKastam Diraja Malaysia Sarawak,
_c1998-
300 _aj.:
_bil. wrn.;
_c30cm
310 _aTahunan
500 _aHuraian berdasarkan: 1998-
650 1 0 _aCustom administration
_zSarawak
_vPeriodicals
_98852
650 2 0 _aHouse organs
_zSarawak
_vPeriodicals
_98853
942 _2ddc
_cPERIODICAL